Trigo : cuaderno de actualización técnica nº 56 /

Guardado en:
Autor Principal: Satorre, Emilio H.
Formato: Libro
Publicado: Buenos Aires : Aacrea, 1996
Materias:
Etiquetas: Agregar Etiqueta
Sin Etiquetas, Sea el primero en etiquetar este registro!
LEADER 01717nam a22002175a 4500
001 CEM.cems016718
005 20111024165044.0
008 130507s1996##################000#0#####d
003 CEMS
082 0 4 |a 633.11 
100 1 |a Satorre, Emilio H. 
245 1 0 |a Trigo :  |b cuaderno de actualización técnica nº 56 /  |c Emilio H. Satorre 
260 |a Buenos Aires :  |b Aacrea,  |c 1996 
300 |a 144 p. 
505 0 |a Desarrollo, crecimiento y generación del rendimiento en el cultivo de trigo / D. F. Calderini y otros -- El perfil cultural y los sistemas de labranzas / R. Pozzi y J. G. Montaner -- Los requerimientos de nutrientes y la fertilización del cultivo / G. A. Maddonni y M. Di Napoli -- Elección de variedades de trigo / J. Nisi y otros -- Maquinaria para la siembra, fertilización y protección del cultivo de trigo / Ricardo Martínez Peck -- Principales plagas del cultivo. Métodos de control / Liliana M. Gallez y Marta T. Miravalles -- Principales enfermedades del cultivo del trigo / Marcelo Carmona -- Control de malezas en trigo / R. Grosse y M. Leaden -- La calidad del grano de trigo a la cosecha. Factores que la afectan / Federico E. Mockel y Miguel A. Cantamuto -- Manejo y control de plagas en granos almacenados / Ernesto L. Jalil Maluf y Carlos D. Lamédica -- Modelos zonales de trigo en el movimiento CREA / Gerardo Chiara y otros -- El trigo candeal / Marta Miravalles y Alejandro Alonso -- Los mercados del trigo / Arturo Santamarina -- Alternativas de comercialización / Arturo Santamarina 
653 |a Trigo 
653 |a Trigo-variedades 
653 |a Trigo-plagas 
653 |a Trigo-malezas 
653 |a Trigo-cosecha 
859 |a CEMS  |b BIB. CEMS - Agricultura  |h 633.11  |i Sa834  |p A0078.00  |t Ej.1